<?xml version="1.0" encoding="UTF-8"?>
<record
    xmlns:xsi="http://www.w3.org/2001/XMLSchema-instance"
    xsi:schemaLocation="http://www.loc.gov/MARC21/slim http://www.loc.gov/standards/marcxml/schema/MARC21slim.xsd"
    xmlns="http://www.loc.gov/MARC21/slim">

  <leader>01773cam a2200193   4500500</leader>
  <controlfield tag="005">20260329021708.0</controlfield>
  <datafield tag="041" ind1=" " ind2=" ">
    <subfield code="a">fre</subfield>
  </datafield>
  <datafield tag="042" ind1=" " ind2=" ">
    <subfield code="a">dc</subfield>
  </datafield>
  <datafield tag="100" ind1="1" ind2="0">
    <subfield code="a">Acerra, Eleonora</subfield>
    <subfield code="e">author</subfield>
  </datafield>
  <datafield tag="700" ind1="1" ind2="0">
    <subfield code="a">Brehm, Sylvain</subfield>
    <subfield code="e">author</subfield>
  </datafield>
  <datafield tag="700" ind1="1" ind2="0">
    <subfield code="a">Lacelle, Nathalie</subfield>
    <subfield code="e">author</subfield>
  </datafield>
  <datafield tag="245" ind1="0" ind2="0">
    <subfield code="a">&#xC9;crire &#xAB; &#xE0; la mani&#xE8;re de&#x2026; &#xBB; avec ChatGPT au secondaire qu&#xE9;b&#xE9;cois</subfield>
  </datafield>
  <datafield tag="260" ind1=" " ind2=" ">
    <subfield code="c">2024.
							</subfield>
  </datafield>
  <datafield tag="500" ind1=" " ind2=" ">
    <subfield code="a">21</subfield>
  </datafield>
  <datafield tag="520" ind1=" " ind2=" ">
    <subfield code="a">Cette contribution &#xE9;tudie un corpus de textes de genres diff&#xE9;rents g&#xE9;n&#xE9;r&#xE9;s par ChatGPT, dans le cadre d&#x2019;une activit&#xE9; d&#x2019;&#xE9;criture &#xAB; &#xE0; la mani&#xE8;re de&#x2026; &#xBB; r&#xE9;alis&#xE9;e dans une classe de troisi&#xE8;me ann&#xE9;e d&#x2019;&#xE9;cole secondaire au Qu&#xE9;bec (13-14 ans). Inscrit dans la lign&#xE9;e des travaux sur les &#xE9;critures de la r&#xE9;ception et sur la formation du sujet-lecteur-scripteur en contexte num&#xE9;rique, l&#x2019;article interroge, conjointement, les attentes litt&#xE9;raires et technologiques des &#xE9;l&#xE8;ves lorsqu&#x2019;ils envisagent la production litt&#xE9;raire avec une intelligence artificielle g&#xE9;n&#xE9;rative. Par l&#x2019;analyse des six portfolios r&#xE9;dig&#xE9;s au fil de la s&#xE9;quence, sont d&#xE9;crites, d&#x2019;une part, les caract&#xE9;ristiques principales des textes g&#xE9;n&#xE9;r&#xE9;s par ChatGPT, d&#x2019;autre part, les justifications des commandes propos&#xE9;es par les &#xE9;l&#xE8;ves &#xE0; propos, notamment, de la th&#xE9;matique choisie, du style de l&#x2019;auteur pris comme mod&#xE8;le et des attentes relatives &#xE0; la capacit&#xE9; de la machine de g&#xE9;n&#xE9;rer des textes de genres diff&#xE9;rents.</subfield>
  </datafield>
  <datafield tag="690" ind1=" " ind2=" ">
    <subfield code="a">intelligence artificielle&#xA0;; &#xE9;criture num&#xE9;rique&#xA0;; appropriation litt&#xE9;raire&#xA0;; secondaire qu&#xE9;b&#xE9;cois&#xA0;; ChatGPT.</subfield>
  </datafield>
  <datafield tag="786" ind1="0" ind2=" ">
    <subfield code="n">Le fran&#xE7;ais aujourd'hui | 226 | 3 | 2024-09-16 | p. 69-84 | 0184-7732</subfield>
  </datafield>
  <datafield tag="856" ind1="4" ind2="1">
    <subfield code="u">https://shs.cairn.info/revue-le-francais-aujourd-hui-2024-3-page-69?lang=fr&amp;redirect-ssocas=7080</subfield>
  </datafield>
  <datafield tag="999" ind1=" " ind2=" ">
    <subfield code="c">1914466</subfield>
    <subfield code="d">1914467</subfield>
  </datafield>
</record>
